[Event "High League 2022 women"]
[Site "Obninsk"]
[Date "2022.07.05"]
[Round "9.8"]
[White "Semenova, Elena"]
[Black "Karmanova, Olga Dm."]
[Result "1-0"]
[LiveChessVersion "1.4.7"]
[BlackElo "2157"]
[WhiteElo "2296"]

1. e4 {[%clk 1:30:50]} c6 {[%clk 1:30:56]} 2. d4 {[%clk 1:30:46]} d5
{[%clk 1:31:21]} 3. Nc3 {[%clk 1:31:12]} dxe4 {[%clk 1:31:46]} 4. Nxe4
{[%clk 1:31:38]} Bf5 {[%clk 1:32:12]} 5. Ng3 {[%clk 1:32:00]} Bg6
{[%clk 1:32:36]} 6. h4 {[%clk 1:32:24]} h6 {[%clk 1:32:58]} 7. Nf3
{[%clk 1:32:43]} e6 {[%clk 1:33:16]} 8. Ne5 {[%clk 1:32:58]} Bh7 {[%clk 1:33:40]}
9. Bd3 {[%clk 1:33:09]} Bxd3 {[%clk 1:32:15]} 10. Qxd3 {[%clk 1:33:34]} Nd7
{[%clk 1:31:47]} 11. f4 {[%clk 1:32:56]} Be7 {[%clk 1:31:38]} 12. Bd2
{[%clk 1:24:13]} Nxe5 {[%clk 1:31:53]} 13. fxe5 {[%clk 1:24:03]} Bxh4
{[%clk 1:32:17]} 14. O-O-O {[%clk 1:23:22]} Bxg3 {[%clk 1:32:42]} 15. Qxg3
{[%clk 1:23:43]} Ne7 {[%clk 1:33:06]} 16. Qxg7 {[%clk 1:09:28]} Rg8
{[%clk 1:33:31]} 17. Qxh6 {[%clk 0:54:50]} Qd5 {[%clk 1:31:51]} 18. Kb1
{[%clk 0:38:11]} O-O-O {[%clk 1:31:03]} 19. Qf6 {[%clk 0:38:09]} Rxg2
{[%clk 1:28:36]} 20. Bc1 {[%clk 0:35:19]} Rd7 {[%clk 1:05:20]} 21. Qxf7
{[%clk 0:28:32]} Qc4 {[%clk 1:04:05]} 22. c3 {[%clk 0:25:20]} Nf5
{[%clk 0:41:56]} 23. Qf8+ {[%clk 0:23:56]} Rd8 {[%clk 0:40:20]} 24. Qa3
{[%clk 0:17:17]} Kb8 {[%clk 0:34:35]} 25. Qb3 {[%clk 0:13:58]} Qxb3
{[%clk 0:24:46]} 26. axb3 {[%clk 0:14:27]} Rdg8 {[%clk 0:25:06]} 27. Rd2
{[%clk 0:12:51]} Kc7 {[%clk 0:19:11]} 28. Rh7+ {[%clk 0:12:44]} R8g7
{[%clk 0:18:00]} 29. Rxg2 {[%clk 0:11:35]} Rxh7 {[%clk 0:18:24]} 30. Kc2
{[%clk 0:09:26]} c5 {[%clk 0:14:59]} 31. dxc5 {[%clk 0:07:36]} Kc6
{[%clk 0:15:25]} 32. b4 {[%clk 0:07:12]} Kd5 {[%clk 0:15:43]} 33. Re2
{[%clk 0:06:29]} Ng3 {[%clk 0:10:17]} 34. Re1 {[%clk 0:05:46]} Rf7
{[%clk 0:10:08]} 35. Be3 {[%clk 0:03:54]} Nf5 {[%clk 0:06:46]} 36. Bg5
{[%clk 0:03:59]} b6 {[%clk 0:05:07]} 37. cxb6 {[%clk 0:03:46]} axb6
{[%clk 0:05:35]} 38. Bf6 {[%clk 0:03:18]} Rh7 {[%clk 0:06:01]} 39. Rd1+
{[%clk 0:02:56]} Kc4 {[%clk 0:05:39]} 40. b3+ {[%clk 0:32:04]} Kb5
{[%clk 0:36:04]} 41. Bg5 {[%clk 0:28:05]} Rh2+ {[%clk 0:35:03]} 42. Rd2
{[%clk 0:25:45]} Rh1 {[%clk 0:34:47]} 43. Rd3 {[%clk 0:23:28]} Re1
{[%clk 0:34:24]} 44. c4+ {[%clk 0:22:52]} Kc6 {[%clk 0:34:52]} 45. b5+
{[%clk 0:21:44]} Kb7 {[%clk 0:30:47]} 46. Rd7+ {[%clk 0:19:30]} Kc8
{[%clk 0:31:10]} 47. Rd8+ {[%clk 0:18:29]} Kc7 {[%clk 0:30:44]} 48. Rf8
{[%clk 0:15:37]} Kd7 {[%clk 0:29:49]} 49. Bd8 {[%clk 0:14:20]} Re2+
{[%clk 0:29:24]} 50. Kc3 {[%clk 0:14:41]} Re3+ {[%clk 0:28:00]} 51. Kd2
{[%clk 0:12:02]} Rxb3 {[%clk 0:26:39]} 52. Bxb6 {[%clk 0:12:29]} Rb2+
{[%clk 0:25:53]} 53. Kd3 {[%clk 0:11:40]} Rb1 {[%clk 0:24:31]} 54. Rf7+
{[%clk 0:09:11]} Ke8 {[%clk 0:23:50]} 55. Ra7 {[%clk 0:09:03]} Re1
{[%clk 0:21:37]} 56. Bc5 {[%clk 0:03:46]} Kd8 {[%clk 0:19:55]} 57. b6
{[%clk 0:03:28]} Kc8 {[%clk 0:19:52]} 58. Bd6 {[%clk 0:03:05]} Nxd6
{[%clk 0:18:42]} 59. exd6 {[%clk 0:03:31]} Rd1+ {[%clk 0:19:04]} 60. Ke4
{[%clk 0:03:32]} Rxd6 {[%clk 0:19:27]} 61. c5 {[%clk 0:03:48]} Rc6
{[%clk 0:18:43]} 62. Kd4 {[%clk 0:04:11]} Kb8 {[%clk 0:16:48]} 63. Ke4 1-0

[Event "High League 2022 women"]
[Site "Obninsk"]
[Date "2022.07.05"]
[Round "9.9"]
[White "Tomilova, Elena"]
[Black "Shukhman, Anna"]
[Result "1-0"]
[LiveChessVersion "1.4.7"]
[BlackElo "2121"]
[WhiteElo "2278"]

1. d4 {[%clk 1:30:57]} Nf6 {[%clk 1:30:52]} 2. Nf3 {[%clk 1:31:22]} g6
{[%clk 1:31:19]} 3. c4 {[%clk 1:31:48]} Bg7 {[%clk 1:31:46]} 4. e3
{[%clk 1:32:12]} O-O {[%clk 1:32:12]} 5. Be2 {[%clk 1:32:39]} c5 {[%clk 1:32:38]}
6. d5 {[%clk 1:33:00]} e6 {[%clk 1:32:03]} 7. Nc3 {[%clk 1:33:11]} exd5
{[%clk 1:31:07]} 8. cxd5 {[%clk 1:33:35]} d6 {[%clk 1:31:09]} 9. Nd2
{[%clk 1:33:38]} Re8 {[%clk 1:24:06]} 10. O-O {[%clk 1:30:59]} b6
{[%clk 1:22:20]} 11. a4 {[%clk 1:26:26]} Ba6 {[%clk 1:22:14]} 12. Bb5
{[%clk 1:24:57]} Re7 {[%clk 1:19:44]} 13. Re1 {[%clk 1:19:33]} Bb7
{[%clk 1:17:13]} 14. e4 {[%clk 1:18:21]} a6 {[%clk 1:17:31]} 15. Bf1
{[%clk 1:13:14]} Nbd7 {[%clk 1:13:23]} 16. Nc4 {[%clk 1:10:34]} Ne5
{[%clk 1:12:48]} 17. Ne3 {[%clk 1:10:15]} Ned7 {[%clk 1:11:51]} 18. Bd3
{[%clk 1:06:59]} b5 {[%clk 1:02:56]} 19. axb5 {[%clk 1:05:12]} axb5
{[%clk 1:01:11]} 20. Rxa8 {[%clk 1:05:36]} Bxa8 {[%clk 1:01:12]} 21. Nxb5
{[%clk 1:01:12]} Nxe4 {[%clk 1:01:23]} 22. Bxe4 {[%clk 1:00:15]} Rxe4
{[%clk 1:01:48]} 23. Nxd6 {[%clk 0:59:59]} Rd4 {[%clk 1:02:08]} 24. Qe2
{[%clk 0:52:37]} h5 {[%clk 0:39:40]} 25. h3 {[%clk 0:37:33]} Qb8 {[%clk 0:28:49]}
26. Qa6 {[%clk 0:33:54]} Ne5 {[%clk 0:24:19]} 27. Nb5 {[%clk 0:27:26]} Rb4
{[%clk 0:21:10]} 28. Nc3 {[%clk 0:27:25]} Bb7 {[%clk 0:18:04]} 29. Qe2
{[%clk 0:26:56]} Qa7 {[%clk 0:16:57]} 30. Nc2 {[%clk 0:25:30]} Ba6
{[%clk 0:17:22]} 31. Qd1 {[%clk 0:23:43]} Rd4 {[%clk 0:16:00]} 32. Bd2
{[%clk 0:16:26]} Kh7 {[%clk 0:15:48]} 33. Nxd4 {[%clk 0:16:16]} cxd4
{[%clk 0:16:14]} 34. Ne4 {[%clk 0:16:34]} Bb5 {[%clk 0:15:32]} 35. d6
{[%clk 0:12:16]} Qd7 {[%clk 0:15:14]} 36. Qb3 {[%clk 0:11:39]} f6
{[%clk 0:11:25]} 37. Nc5 {[%clk 0:07:03]} Qe8 {[%clk 0:10:11]} 38. Ne6
{[%clk 0:06:23]} Qd7 {[%clk 0:05:45]} 39. Nxg7 {[%clk 0:05:55]} Kxg7
{[%clk 0:06:08]} 40. f4 {[%clk 0:34:56]} Bc4 {[%clk 0:31:55]} 41. Qg3
{[%clk 0:27:19]} Nc6 {[%clk 0:31:56]} 42. Qa3 {[%clk 0:25:45]} Bf7
{[%clk 0:24:35]} 43. Qc5 {[%clk 0:24:34]} Kh6 {[%clk 0:12:27]} 44. b4
{[%clk 0:23:46]} Qb7 {[%clk 0:10:52]} 45. b5 {[%clk 0:22:57]} Nd8
{[%clk 0:11:17]} 46. f5+ {[%clk 0:20:49]} g5 {[%clk 0:11:40]} 47. Qc7
{[%clk 0:20:45]} Qa8 {[%clk 0:11:58]} 48. Ba5 {[%clk 0:20:56]} 1-0

[Event "High League 2022 women"]
[Site "Obninsk"]
[Date "2022.07.05"]
[Round "9.10"]
[White "Miroshnik, Ekaterina"]
[Black "Borisova, Ekaterina"]
[Result "0-1"]
[LiveChessVersion "1.4.7"]
[BlackElo "2233"]
[WhiteElo "2169"]

1. d4 {[%clk 1:30:58]} Nf6 {[%clk 1:30:55]} 2. Nf3 {[%clk 1:31:24]} g6
{[%clk 1:31:21]} 3. g3 {[%clk 1:30:21]} Bg7 {[%clk 1:31:46]} 4. Bg2
{[%clk 1:30:49]} O-O {[%clk 1:32:12]} 5. O-O {[%clk 1:31:16]} d5 {[%clk 1:32:39]}
6. c3 {[%clk 1:31:41]} a5 {[%clk 1:33:06]} 7. Nbd2 {[%clk 1:28:42]} b6
{[%clk 1:31:28]} 8. Ne5 {[%clk 1:28:04]} Bb7 {[%clk 1:31:39]} 9. Re1
{[%clk 1:25:39]} Nbd7 {[%clk 1:28:11]} 10. Ndf3 {[%clk 1:08:33]} a4
{[%clk 1:25:09]} 11. Bf4 {[%clk 1:03:21]} c5 {[%clk 1:22:40]} 12. a3
{[%clk 0:56:41]} Ne4 {[%clk 1:17:42]} 13. Nd3 {[%clk 0:38:59]} Re8
{[%clk 1:11:18]} 14. Nfe5 {[%clk 0:34:45]} Ra5 {[%clk 0:53:31]} 15. Bh3
{[%clk 0:24:58]} e6 {[%clk 0:46:08]} 16. Nxd7 {[%clk 0:19:00]} Qxd7
{[%clk 0:46:09]} 17. Be3 {[%clk 0:19:22]} Ba6 {[%clk 0:41:26]} 18. Bg2
{[%clk 0:15:27]} Qe7 {[%clk 0:38:39]} 19. Rb1 {[%clk 0:13:13]} Bc4
{[%clk 0:38:17]} 20. Nc1 {[%clk 0:05:27]} Rd8 {[%clk 0:32:22]} 21. f3
{[%clk 0:05:25]} Nd6 {[%clk 0:32:20]} 22. Bf2 {[%clk 0:05:27]} Nb5
{[%clk 0:30:23]} 23. e3 {[%clk 0:04:31]} e5 {[%clk 0:28:59]} 24. Bf1
{[%clk 0:02:45]} Bxf1 {[%clk 0:27:56]} 25. Kxf1 {[%clk 0:02:59]} Ra7
{[%clk 0:23:33]} 26. Kg2 {[%clk 0:02:50]} h5 {[%clk 0:23:37]} 27. Qe2
{[%clk 0:01:57]} Nd6 {[%clk 0:23:47]} 28. dxc5 {[%clk 0:01:36]} bxc5
{[%clk 0:24:03]} 29. Nd3 {[%clk 0:01:15]} e4 {[%clk 0:22:20]} 30. Nxc5
{[%clk 0:00:43]} exf3+ {[%clk 0:21:07]} 31. Qxf3 {[%clk 0:01:09]} Nc4
{[%clk 0:21:26]} 32. e4 {[%clk 0:00:44]} Nd2 {[%clk 0:19:54]} 33. exd5
{[%clk 0:00:36]} Nxf3 {[%clk 0:19:51]} 34. Rxe7 {[%clk 0:01:02]} Rxe7
{[%clk 0:20:14]} 35. Kxf3 {[%clk 0:01:27]} Rxd5 {[%clk 0:20:39]} 36. Nxa4
{[%clk 0:01:25]} Rf5+ {[%clk 0:20:30]} 37. Kg2 {[%clk 0:01:51]} Re2
{[%clk 0:20:56]} 38. Rf1 {[%clk 0:01:55]} Bh6 {[%clk 0:21:07]} 39. g4
{[%clk 0:02:16]} hxg4 {[%clk 0:21:08]} 40. Kg3 {[%clk 0:32:43]} Rf3+
{[%clk 0:51:32]} 0-1

[Event "High League 2022 women"]
[Site "Obninsk"]
[Date "2022.07.05"]
[Round "9.11"]
[White "Fominykh, Maria"]
[Black "Kleymenova, Valeria"]
[Result "1/2-1/2"]
[LiveChessVersion "1.4.7"]
[BlackElo "2177"]
[WhiteElo "2219"]

1. d4 {[%clk 1:30:15]} Nf6 {[%clk 1:30:52]} 2. c4 {[%clk 1:30:05]} e6
{[%clk 1:31:17]} 3. Nc3 {[%clk 1:29:32]} Bb4 {[%clk 1:31:30]} 4. Qc2
{[%clk 1:29:37]} O-O {[%clk 1:31:34]} 5. Nf3 {[%clk 1:29:14]} d5 {[%clk 1:31:27]}
6. cxd5 {[%clk 1:23:41]} exd5 {[%clk 1:31:15]} 7. Bg5 {[%clk 1:23:55]} Qd6
{[%clk 1:27:05]} 8. e3 {[%clk 1:21:20]} Ne4 {[%clk 1:24:51]} 9. Bf4
{[%clk 1:14:47]} Qe7 {[%clk 1:12:48]} 10. Bd3 {[%clk 1:13:34]} Bf5
{[%clk 1:11:50]} 11. O-O {[%clk 1:12:59]} c6 {[%clk 1:05:52]} 12. a3
{[%clk 1:07:32]} Bxc3 {[%clk 1:03:22]} 13. bxc3 {[%clk 1:08:00]} b5
{[%clk 0:59:17]} 14. Bxb8 {[%clk 1:02:58]} Rfxb8 {[%clk 0:57:13]} 15. Ne5
{[%clk 1:03:00]} Qg5 {[%clk 0:54:53]} 16. f3 {[%clk 0:58:54]} Nd6
{[%clk 0:54:03]} 17. Rfe1 {[%clk 0:17:50]} Bxd3 {[%clk 0:43:41]} 18. Qxd3
{[%clk 0:17:46]} Nc4 {[%clk 0:40:17]} 19. Nxc6 {[%clk 0:16:14]} Rc8
{[%clk 0:39:21]} 20. f4 {[%clk 0:15:07]} Qf6 {[%clk 0:37:58]} 21. Nb4
{[%clk 0:14:23]} Qd6 {[%clk 0:37:26]} 22. e4 {[%clk 0:13:11]} dxe4
{[%clk 0:36:04]} 23. Qxe4 {[%clk 0:13:40]} Nd2 {[%clk 0:34:08]} 24. Qd3
{[%clk 0:10:47]} Nc4 {[%clk 0:33:46]} 25. Qf5 {[%clk 0:10:18]} a5
{[%clk 0:32:26]} 26. Nc2 {[%clk 0:08:52]} Rab8 {[%clk 0:28:25]} 27. g3
{[%clk 0:05:01]} Qg6 {[%clk 0:26:12]} 28. Qxg6 {[%clk 0:05:19]} hxg6
{[%clk 0:26:34]} 29. d5 {[%clk 0:01:15]} Nb6 {[%clk 0:24:38]} 30. Ne3
{[%clk 0:00:51]} Rxc3 {[%clk 0:24:33]} 31. Kf2 {[%clk 0:00:40]} Nd7
{[%clk 0:21:11]} 32. Rec1 {[%clk 0:00:50]} Rxc1 {[%clk 0:19:14]} 33. Rxc1
{[%clk 0:01:19]} b4 {[%clk 0:19:27]} 34. axb4 {[%clk 0:01:44]} axb4
{[%clk 0:19:51]} 35. Ke2 {[%clk 0:01:13]} b3 {[%clk 0:19:27]} 36. Kd2
{[%clk 0:00:38]} Nc5 {[%clk 0:17:37]} 37. Nc4 {[%clk 0:00:36]} Rc8
{[%clk 0:15:00]} 38. Nb2 {[%clk 0:00:36]} Ne4+ {[%clk 0:15:03]} 39. Kd1
{[%clk 0:01:03]} Rd8 {[%clk 0:14:39]} 40. Rc4 {[%clk 0:31:05]} Rxd5+
{[%clk 0:44:52]} 41. Kc1 {[%clk 0:30:53]} f5 {[%clk 0:38:43]} 42. Rc8+
{[%clk 0:29:42]} Kh7 {[%clk 0:38:02]} 43. Nc4 {[%clk 0:28:49]} Rc5
{[%clk 0:32:05]} 44. Rxc5 {[%clk 0:29:07]} Nxc5 {[%clk 0:32:32]} 45. Kb2
{[%clk 0:17:19]} Kh6 {[%clk 0:32:53]} 46. Kc3 {[%clk 0:10:10]} Kh5
{[%clk 0:29:02]} 47. Ne3 {[%clk 0:07:53]} Kh6 {[%clk 0:25:07]} 48. Kb2
{[%clk 0:08:11]} Kh7 {[%clk 0:25:05]} 49. Kc3 {[%clk 0:07:46]} Kg8
{[%clk 0:24:49]} 50. Nc4 {[%clk 0:06:41]} g5 {[%clk 0:23:09]} 51. fxg5
{[%clk 0:06:16]} Kf7 {[%clk 0:23:26]} 52. Kb4 {[%clk 0:04:00]} Ne4
{[%clk 0:23:23]} 53. Kxb3 {[%clk 0:04:17]} 1/2-1/2

[Event "High League 2022 women"]
[Site "Obninsk"]
[Date "2022.07.05"]
[Round "9.12"]
[White "Pogorelskikh, Sofia"]
[Black "Potapova, Margarita"]
[Result "0-1"]
[LiveChessVersion "1.4.7"]
[BlackElo "2216"]
[WhiteElo "2138"]

1. e4 {[%clk 1:30:57]} c6 {[%clk 1:30:26]} 2. Nc3 {[%clk 1:29:47]} d5
{[%clk 1:30:41]} 3. Nf3 {[%clk 1:29:39]} dxe4 {[%clk 1:29:26]} 4. Nxe4
{[%clk 1:29:59]} Nf6 {[%clk 1:29:51]} 5. Qe2 {[%clk 1:27:31]} Nxe4
{[%clk 1:30:14]} 6. Qxe4 {[%clk 1:27:54]} Qa5 {[%clk 1:30:30]} 7. Bc4
{[%clk 1:22:13]} Bf5 {[%clk 1:30:24]} 8. Qf4 {[%clk 1:19:31]} e6 {[%clk 1:29:43]}
9. O-O {[%clk 1:08:52]} Be7 {[%clk 1:28:17]} 10. Bb3 {[%clk 1:04:33]} Qd8
{[%clk 1:12:38]} 11. d4 {[%clk 1:02:20]} O-O {[%clk 1:12:03]} 12. Bd2
{[%clk 0:56:33]} Nd7 {[%clk 0:57:18]} 13. Rfe1 {[%clk 0:52:59]} Nb6
{[%clk 0:55:34]} 14. c4 {[%clk 0:51:29]} a5 {[%clk 0:53:00]} 15. a4
{[%clk 0:46:41]} Bg6 {[%clk 0:52:26]} 16. Bc3 {[%clk 0:45:56]} Nd7
{[%clk 0:46:42]} 17. Rad1 {[%clk 0:44:26]} Qb6 {[%clk 0:44:43]} 18. Ba2
{[%clk 0:44:08]} Bf6 {[%clk 0:42:37]} 19. Nd2 {[%clk 0:38:27]} c5
{[%clk 0:37:09]} 20. dxc5 {[%clk 0:36:48]} Nxc5 {[%clk 0:37:16]} 21. Bxf6
{[%clk 0:36:20]} gxf6 {[%clk 0:36:59]} 22. Qxf6 {[%clk 0:35:31]} Nd3
{[%clk 0:28:42]} 23. Ne4 {[%clk 0:23:59]} Nxe1 {[%clk 0:27:15]} 24. Rxe1
{[%clk 0:24:14]} Rad8 {[%clk 0:23:53]} 25. h4 {[%clk 0:21:38]} Qd4
{[%clk 0:22:22]} 26. Qg5 {[%clk 0:21:19]} f6 {[%clk 0:15:30]} 27. Qg3
{[%clk 0:20:42]} Kh8 {[%clk 0:15:46]} 28. Nc3 {[%clk 0:20:40]} Rg8
{[%clk 0:14:05]} 29. Qf3 {[%clk 0:19:14]} Bf5 {[%clk 0:13:07]} 30. c5
{[%clk 0:17:37]} Rde8 {[%clk 0:07:38]} 31. g3 {[%clk 0:16:13]} Rgf8
{[%clk 0:04:47]} 32. Qxb7 {[%clk 0:13:58]} Qxc5 {[%clk 0:05:13]} 33. Re3
{[%clk 0:09:50]} Rb8 {[%clk 0:03:43]} 34. Qd7 {[%clk 0:07:29]} Rbd8
{[%clk 0:03:40]} 35. Qb7 {[%clk 0:07:02]} Qb4 {[%clk 0:03:27]} 36. Qb5
{[%clk 0:04:06]} Qxb5 {[%clk 0:02:28]} 37. Nxb5 {[%clk 0:04:07]} e5
{[%clk 0:02:25]} 38. Bc4 {[%clk 0:03:46]} Rd1+ {[%clk 0:02:06]} 39. Kg2
{[%clk 0:03:25]} Bd7 {[%clk 0:01:37]} 40. Be2 {[%clk 0:33:06]} Rd2
{[%clk 0:31:26]} 41. b3 {[%clk 0:32:17]} Bc6+ {[%clk 0:23:25]} 42. Bf3
{[%clk 0:30:45]} Bd7 {[%clk 0:11:53]} 43. Na3 {[%clk 0:24:22]} Be6
{[%clk 0:11:43]} 44. Nc4 {[%clk 0:18:16]} Bxc4 {[%clk 0:11:19]} 45. bxc4
{[%clk 0:18:35]} Rc8 {[%clk 0:10:33]} 46. Rc3 {[%clk 0:14:45]} Ra2
{[%clk 0:08:22]} 47. Bd1 {[%clk 0:14:18]} Rc5 {[%clk 0:06:40]} 48. g4
{[%clk 0:09:00]} Rd2 {[%clk 0:06:36]} 49. Bf3 {[%clk 0:08:34]} Ra2
{[%clk 0:05:22]} 50. Bd1 {[%clk 0:08:51]} Kg7 {[%clk 0:05:02]} 51. Bc2
{[%clk 0:08:34]} Kf7 {[%clk 0:04:32]} 52. Kf3 {[%clk 0:07:20]} Ke6
{[%clk 0:04:43]} 53. Bf5+ {[%clk 0:07:12]} Ke7 {[%clk 0:04:31]} 54. Bc2
{[%clk 0:06:36]} Ra1 {[%clk 0:04:53]} 55. Ke2 {[%clk 0:04:10]} h6
{[%clk 0:03:17]} 56. h5 {[%clk 0:03:35]} Rg1 {[%clk 0:02:33]} 57. Kf3
{[%clk 0:03:12]} Kd6 {[%clk 0:02:33]} 58. Bg6 {[%clk 0:02:07]} Rc8
{[%clk 0:02:37]} 59. Bf5 {[%clk 0:01:16]} Rc7 {[%clk 0:02:57]} 60. Rd3+
{[%clk 0:00:46]} Kc5 {[%clk 0:03:16]} 61. Rd5+ {[%clk 0:00:36]} Kb4
{[%clk 0:03:00]} 62. Rb5+ {[%clk 0:00:38]} Kxa4 {[%clk 0:03:26]} 63. Bc2+
{[%clk 0:01:01]} Ka3 {[%clk 0:03:54]} 64. Rxa5+ {[%clk 0:01:11]} Kb4
{[%clk 0:02:37]} 65. Ra4+ {[%clk 0:01:29]} Kc3 {[%clk 0:03:02]} 66. Bf5
{[%clk 0:00:58]} Rxc4 {[%clk 0:02:38]} 67. Ra3+ {[%clk 0:00:53]} Kb4
{[%clk 0:01:56]} 68. Ra6 {[%clk 0:00:51]} Rf4+ {[%clk 0:02:08]} 69. Ke3
{[%clk 0:00:59]} Re1+ {[%clk 0:02:24]} 70. Kd2 {[%clk 0:01:21]} Rf1
{[%clk 0:02:43]} 71. Rxf6 {[%clk 0:01:27]} R1xf2+ {[%clk 0:02:58]} 72. Ke3
{[%clk 0:01:43]} R2f3+ {[%clk 0:02:09]} 73. Ke2 {[%clk 0:02:00]} Rf2+
{[%clk 0:02:17]} 74. Ke3 {[%clk 0:02:16]} R2f3+ {[%clk 0:02:44]} 75. Ke2
{[%clk 0:02:26]} Kc5 {[%clk 0:02:25]} 76. Rf8 {[%clk 0:01:51]} Ra3
{[%clk 0:02:00]} 77. Re8 {[%clk 0:01:05]} Kd6 {[%clk 0:02:05]} 78. Rd8+
{[%clk 0:00:34]} Kc6 {[%clk 0:01:32]} 79. Re8 {[%clk 0:00:36]} Ra5
{[%clk 0:01:47]} 80. Ke3 {[%clk 0:00:45]} Rb4 {[%clk 0:01:28]} 81. Rc8+
{[%clk 0:00:35]} Kd6 {[%clk 0:01:41]} 82. Rd8+ {[%clk 0:00:43]} Ke7
{[%clk 0:01:32]} 83. Rd7+ {[%clk 0:00:34]} Ke8 {[%clk 0:01:58]} 84. Rd3
{[%clk 0:00:35]} Rc4 {[%clk 0:01:10]} 85. Rb3 {[%clk 0:00:38]} Rd4
{[%clk 0:01:12]} 86. Rb8+ {[%clk 0:00:40]} Ke7 {[%clk 0:01:37]} 87. Rb7+
{[%clk 0:00:54]} Kd8 {[%clk 0:00:55]} 88. Rb8+ {[%clk 0:01:17]} Ke7
{[%clk 0:00:54]} 89. Rb7+ {[%clk 0:01:41]} Kf8 {[%clk 0:01:16]} 90. Rb8+
{[%clk 0:01:59]} Kf7 {[%clk 0:01:05]} 91. Rb7+ {[%clk 0:02:19]} Ke8
{[%clk 0:01:03]} 92. Rb8+ {[%clk 0:01:57]} Rd8 {[%clk 0:03:24]} 93. Rb7
{[%clk 0:00:50]} Rd6 {[%clk 0:03:40]} 94. Bg6+ {[%clk 0:00:37]} Kd8
{[%clk 0:01:13]} 95. Bf5 {[%clk 0:00:40]} Rc6 {[%clk 0:01:14]} 96. Rb3
{[%clk 0:00:32]} Ke7 {[%clk 0:01:20]} 97. Be4 {[%clk 0:00:34]} Rd6
{[%clk 0:01:38]} 98. Rb8 {[%clk 0:00:32]} Kf6 {[%clk 0:01:17]} 99. Rf8+
{[%clk 0:00:44]} Kg5 {[%clk 0:01:21]} 100. Bf5 {[%clk 0:00:42]} Rb6
{[%clk 0:01:31]} 101. Rg8+ {[%clk 0:00:33]} Kh4 {[%clk 0:01:55]} 102. Rc8
{[%clk 0:00:36]} Rb3+ {[%clk 0:02:14]} 103. Ke4 {[%clk 0:00:48]} Rb4+
{[%clk 0:02:39]} 104. Kd3 {[%clk 0:00:34]} Ra3+ {[%clk 0:02:45]} 105. Kd2
{[%clk 0:00:38]} Rb2+ {[%clk 0:02:54]} 106. Kc1 {[%clk 0:01:02]} Rf2
{[%clk 0:03:04]} 107. Rc2 {[%clk 0:00:33]} Rxc2+ {[%clk 0:03:15]} 108. Kxc2
{[%clk 0:00:57]} Kg5 {[%clk 0:03:31]} 109. Kd2 {[%clk 0:01:12]} Kf4
{[%clk 0:03:53]} 110. Ke2 {[%clk 0:01:25]} e4 {[%clk 0:04:10]} 111. Be6
{[%clk 0:01:44]} Ra6 {[%clk 0:04:21]} 112. Bf5 {[%clk 0:01:55]} Ra2+
{[%clk 0:04:46]} 113. Kf1 {[%clk 0:01:54]} Kf3 {[%clk 0:05:07]} 0-1

[Event "High League 2022 women"]
[Site "Obninsk"]
[Date "2022.07.05"]
[Round "9.13"]
[White "Dorokhina, Elizaveta"]
[Black "Shvedova, Alexandra"]
[Result "1/2-1/2"]
[LiveChessVersion "1.4.7"]
[BlackElo "2106"]
[WhiteElo "2045"]

1. e4 {[%clk 1:30:57]} c5 {[%clk 1:30:56]} 2. Nf3 {[%clk 1:31:21]} d6
{[%clk 1:31:22]} 3. d4 {[%clk 1:31:45]} cxd4 {[%clk 1:31:47]} 4. Qxd4
{[%clk 1:32:09]} Nc6 {[%clk 1:32:00]} 5. Bb5 {[%clk 1:32:31]} Bd7
{[%clk 1:32:19]} 6. Bxc6 {[%clk 1:32:53]} Bxc6 {[%clk 1:32:46]} 7. c4
{[%clk 1:33:14]} f5 {[%clk 1:32:38]} 8. Nc3 {[%clk 1:26:44]} fxe4
{[%clk 1:32:22]} 9. Nxe4 {[%clk 1:27:04]} Nf6 {[%clk 1:32:28]} 10. Ned2
{[%clk 1:20:46]} e5 {[%clk 1:25:46]} 11. Qe3 {[%clk 1:17:56]} Be7
{[%clk 1:24:00]} 12. O-O {[%clk 1:10:29]} Qc7 {[%clk 1:06:18]} 13. b3
{[%clk 0:56:39]} b6 {[%clk 0:56:16]} 14. Ng5 {[%clk 0:49:53]} Qd7
{[%clk 0:47:12]} 15. f3 {[%clk 0:47:21]} O-O {[%clk 0:41:42]} 16. Kh1
{[%clk 0:38:38]} Qf5 {[%clk 0:32:14]} 17. Ba3 {[%clk 0:32:51]} Rad8
{[%clk 0:31:05]} 18. Nge4 {[%clk 0:32:53]} Nh5 {[%clk 0:27:51]} 19. Rad1
{[%clk 0:31:13]} Nf4 {[%clk 0:24:34]} 20. Nb1 {[%clk 0:28:29]} Qg6
{[%clk 0:21:11]} 21. Rf2 {[%clk 0:26:24]} Ne6 {[%clk 0:17:45]} 22. Nbc3
{[%clk 0:24:11]} Nd4 {[%clk 0:17:42]} 23. Rfd2 {[%clk 0:22:54]} Rf7
{[%clk 0:15:48]} 24. Rf2 {[%clk 0:16:20]} Rdf8 {[%clk 0:13:57]} 25. Rc1
{[%clk 0:10:57]} Qh5 {[%clk 0:09:01]} 26. Rcf1 {[%clk 0:08:27]} g6
{[%clk 0:04:39]} 27. Qd3 {[%clk 0:07:00]} Bh4 {[%clk 0:02:47]} 28. Bxd6
{[%clk 0:05:44]} Rd8 {[%clk 0:02:43]} 29. Rb2 {[%clk 0:04:35]} Qf5
{[%clk 0:01:03]} 30. Qe3 {[%clk 0:04:44]} Bxe4 {[%clk 0:01:00]} 31. Nxe4
{[%clk 0:05:09]} Qe6 {[%clk 0:01:01]} 32. Bb4 {[%clk 0:05:09]} Rdd7
{[%clk 0:00:44]} 33. Bc3 {[%clk 0:05:05]} Qf5 {[%clk 0:00:36]} 34. Rbb1
{[%clk 0:04:19]} Be7 {[%clk 0:00:37]} 35. Rbd1 {[%clk 0:04:38]} Nc2
{[%clk 0:00:39]} 36. Qc1 {[%clk 0:04:47]} Nd4 {[%clk 0:00:56]} 37. Qb2
{[%clk 0:05:02]} Bf8 {[%clk 0:00:49]} 38. Qf2 {[%clk 0:03:44]} Bg7
{[%clk 0:00:53]} 39. Bb4 {[%clk 0:03:45]} Qf4 {[%clk 0:00:45]} 40. Bd2
{[%clk 0:33:32]} Qf5 {[%clk 0:30:55]} 41. Bb4 {[%clk 0:33:00]} Bf8
{[%clk 0:28:39]} 42. Bc3 {[%clk 0:31:14]} Nc6 {[%clk 0:24:53]} 43. Qe2
{[%clk 0:31:02]} Nd4 {[%clk 0:24:31]} 44. Qf2 {[%clk 0:28:21]} 1/2-1/2